000 00610nam a2200229Ia 4500
003 OSt
005 20220923220952.0
006 a|||||r|||| 00| 0
007 ta
008 220922b |||||||| |||| 00| 0 hin d
024 _a192,987
037 _cTextual
040 _aARTS
_cARTS
_bhin
041 _2hin
_ahin
082 _aV2:1:M5, 152L1
100 _aचतुरसेन
_9156280
245 0 _aभारत में इस्लाम
246 _aBhārat mean islāma
260 _c1951
942 _hV2:1:M5, 152L1
_cTEXL
_2CC
999 _c345488
_d345488